[Event "Skalica Rapid 2020"]
[Site "Skalica"]
[Date "2020.08.29"]
[Round "1.10"]
[White "Beres, Tomas"]
[Black "Bucek, Miroslav"]
[Result "1-0"]
[WhiteElo "1948"]
[BlackElo "1422"]
[Annotator "TA"]
[PlyCount "49"]
[EventDate "2020.08.29"]
[EventType "swiss"]
[EventCountry "SVK"]
[SourceTitle "playchess.com"]
[Source "ChessBase"]
[SourceQuality "1"]

{[%evp 23,49,15,34,33,35,41,65,32,25,0,75,82,91,93,197,195,193,194,191,194,201,193,966,969,978,975,1245,1237]} 1. e4 e5 2. Nf3 Nc6 3. Bb5 a6 4. Ba4 Nf6 5. d3 Be7 6. O-O b5 7. Bb3 O-O 8. c3 d6 9. Nbd2 {[%cal Bb1d2,Bd2f1,Bf1g3,Bg3f5][%mdl 32]} Na5 10. Bc2 c5 11. Re1 Qc7 12. Nf1 Bb7 13. Ng3 {C90: Closed Ruy Lopez with 7...d6: Early deviations.} Rfe8 14. Nf5 Rad8 {[#]} 15. Nxe7+ $146 {White is slightly better.} ({Predecessor:} 15. Bg5 Bc8 16. N3h4 Nc6 17. Re3 d5 18. Rg3 dxe4 19. Nxg7 Kxg7 20. Bh6+ {1-0 (20) Sokolovsky,Y (2163)-Sinitsyn,A (1847) Bratislava 2019}) 15... Qxe7 16. Nh4 h6 (16... Bc8 $11) 17. Nf5 $16 Qf8 18. Qf3 d5 {[#]} (18... Nh7 $16) 19. Nxh6+ $1 $18 {[%mdl 512]} gxh6 20. Qxf6 Re6 21. Qh4 Rg6 22. f4 Qg7 $2 (22... exf4 23. Bxf4 dxe4) 23. Qxd8+ {[%mdl 64] Double Attack. White is clearly winning.} Kh7 24. Re2 (24. Qxa5 {is a self mate.} Rxg2+ 25. Kh1 Qg4 26. Qxa6 Bxa6 27. f5 {[#]} Qh3 $1 {[%mdl 512]} 28. Bf4 exf4 29. exd5 Qxh2#) 24... d4 25. f5 {Accuracy: White = 73%, Black = 44%.} 1-0

[Event "Skalica Rapid 2020"]
[Site "Skalica"]
[Date "2020.08.29"]
[Round "1.12"]
[White "Takacs Laszlo"]
[Black "Ihnat Marek"]
[Result "0-1"]
[WhiteElo "2128"]
[BlackElo "1738"]
[Annotator "TA"]
[PlyCount "44"]
[EventDate "2020.08.29"]
[EventType "swiss"]
[EventCountry "SVK"]
[SourceTitle "playchess.com"]
[Source "ChessBase"]
[SourceQuality "1"]

{[%evp 31,44,25,118,81,92,67,54,12,98,56,136,0,170,95,212]} 1. e4 c5 2. Nf3 d6 3. d4 cxd4 4. Nxd4 Nf6 5. Nc3 g6 6. Be3 Bg7 7. f3 O-O 8. Qd2 Nc6 9. Bc4 Bd7 10. Bb3 Rc8 11. O-O-O Ne5 12. h4 h5 13. Bh6 Nc4 14. Bxc4 Rxc4 15. Bxg7 Kxg7 16. g4 Qa5 (16... hxg4 $11 17. h5 Rh8) 17. g5 {B78: Sicilian Dragon: Yugoslav Attack, 9 Bc4 Bd7 10 0-0-0 Rc8.} Ne8 18. Nb3 Qa6 19. Kb1 {[#]} Kh7 $146 (19... Nc7 $11 {keeps the balance.}) ({Predecessor:} 19... Nc7 20. Qe3 Rc8 21. e5 Nb5 22. Nxb5 Qxb5 23. exd6 exd6 24. Rxd6 Bf5 25. Nd4 Qc5 26. Nxf5+ Qxf5 {0-1 (53) Iskhakabeev,A (2008)-Reshef,O (2275) Jerusalem 2014}) 20. f4 e6 ({Black should try} 20... Bg4 $14) 21. f5 ({White should play} 21. a3 $16) 21... Rc6 $2 {[#]} (21... exf5 $11 {and Black is okay.} 22. Rhe1 fxe4) 22. Rhe1 (22. Nd4 $18) 22... Kg7 {[%mdl 32768] Accuracy: White =  0%, Black = 24%. . Sensor Board Error (Ke4/e5)?} (22... exf5 $16 23. exf5 Bxf5) 0-1

[Event "Skalica Rapid 2020"]
[Site "Skalica"]
[Date "2020.08.29"]
[Round "1.13"]
[White "Matejovic, Juraj"]
[Black "Gzib, David"]
[Result "1-0"]
[WhiteElo "2219"]
[BlackElo "1770"]
[Annotator "ChessBase"]
[PlyCount "31"]
[EventDate "2020.08.29"]
[EventType "swiss"]
[EventCountry "SVK"]
[SourceTitle "playchess.com"]
[Source "ChessBase"]
[SourceQuality "1"]
[TimeControl "600+5"]

1. e4 {[%emt 0:00:00]} c5 {[%emt 0:00:00]} 2. Nf3 {[%emt 0:00:00]} d6 {[%emt 0:00:00]} 3. d4 {[%emt 0:00:00]} cxd4 {[%emt 0:00:00]} 4. Nxd4 {[%emt 0:00:00]} Nf6 {[%emt 0:00:00]} 5. Nc3 {[%emt 0:00:00]} a6 {[%emt 0:00:01]} 6. Bc4 {[%emt 0:00:02]} e6 {[%emt 0:00:12]} 7. Bb3 {[%emt 0:00:01]} b5 {[%emt 0:00:07]} 8. Bg5 {[%emt 0:00:05]} Be7 {[%emt 0:00:05]} 9. Qf3 {[%emt 0:00:08]} Bb7 {[%emt 0:00:05]} 10. Bxe6 {[%emt 0:00:56]} fxe6 {[%emt 0:00:35]} 11. Nxe6 {[%emt 0:00:02]} Qd7 {[%emt 0:00:07]} 12. Nxg7+ {[%emt 0:00:25]} Kf7 {[%emt 0:00:04]} 13. Nf5 {[%emt 0:01:23]} d5 {[%emt 0:04:11]} 14. O-O-O {[%emt 0:01:48]} Kg6 {[%emt 0:02:54]} 15. Qg3 {[%emt 0:03:32]} Bd6 {[%emt 0:01:43]} 16. Bf4+ {[%emt 0:00:26]} 1-0

[Event "Skalica Rapid 2020"]
[Site "Skalica"]
[Date "2020.08.29"]
[Round "1.13"]
[White "Tupy Bystrik"]
[Black "Danada Tomas"]
[Result "0-1"]
[WhiteElo "1702"]
[BlackElo "2122"]
[Annotator "TA"]
[PlyCount "45"]
[EventDate "2020.08.29"]
[EventType "swiss"]
[EventCountry "SVK"]
[SourceTitle "playchess.com"]
[Source "ChessBase"]
[SourceQuality "1"]

{[%evp 9,45,42,42,38,58,29,42,0,-4,-15,40,-24,-29,-100,-108,-101,-12,-29,-19,-54,-10,-17,-12,-10,-10,-14,0,-26,0,-1,-1,-4,9,0,72,-143,-99,-268]} 1. e4 g6 2. d4 Bg7 3. Nf3 d6 4. Nc3 a6 5. Bc4 e6 6. O-O {B06: Modern Defence.} b5 7. Bb3 Bb7 8. e5 {[#] White is slightly better.} dxe5 $146 ({Predecessor:} 8... d5 9. Re1 Nd7 10. a4 b4 11. Ne2 c5 12. c4 dxc4 13. Bxc4 Bxf3 14. gxf3 cxd4 15. Nxd4 Nxe5 {0-1 (38) Restrepo Castro,J (1518)-Marmolejo,G (1550) Cali 2017}) 9. Nxe5 Nd7 (9... c5 $11 10. a4 cxd4 11. Nxf7 Kxf7) 10. Bf4 (10. Nxd7 $1 $14 Qxd7 11. d5) 10... Nxe5 $11 11. Bxe5 (11. dxe5 $11 c5 12. a4) 11... Bxe5 $17 12. dxe5 Qxd1 (12... Qg5 $17 {[%csl Gb7][%cal Rg5g2]} 13. f3 Qxe5) 13. Raxd1 Ne7 14. f4 Rd8 (14... Nf5 {keeps more tension.} 15. Kf2 c5 16. a3 Nd4 17. Rg1 O-O-O) 15. Rxd8+ Kxd8 16. Rd1+ Kc8 17. a4 b4 18. Ne2 Rd8 19. Rxd8+ Kxd8 20. c3 Nc6 21. Kf2 g5 (21... Na5 $11 {remains equal.} 22. Bc2 c5) 22. g4 $2 {[#]} (22. fxg5 $16 Nxe5 23. Bc2 (23. cxb4 Nd3+ 24. Ke3 Nxb4 $11)) 22... gxf4 {...bxc3 is the strong threat.} 23. h4 $2 {Accuracy: White = 40%, Black = 46%.} (23. cxb4 $17 Nxe5 24. Nxf4) 0-1

[Event "Skalica Rapid 2020"]
[Site "Skalica"]
[Date "2020.08.29"]
[Round "1.14"]
[White "Cajka Tibor"]
[Black "Krakovsky Peter"]
[Result "1-0"]
[WhiteElo "2116"]
[BlackElo "1661"]
[Annotator "TA"]
[PlyCount "50"]
[EventDate "2020.08.29"]
[EventType "swiss"]
[EventCountry "SVK"]
[SourceTitle "playchess.com"]
[Source "ChessBase"]
[SourceQuality "1"]

{[%evp 11,50,38,50,24,230,152,239,246,339,343,335,300,381,345,306,201,415,225,289,204,243,220,310,213,238,246,305,271,289,0,39,-1057,-545,-1521,-966,-962,154,-954,204,-1033,140]} 1. e4 c6 2. d4 d5 3. e5 Bf5 4. Nf3 e6 5. Be2 Be7 6. O-O Nd7 7. c4 {B12: Caro-Kann: Advance Variation.} c5 $2 (7... dxc4 $11 {and Black stays safe.} 8. Bxc4 Nh6) 8. Nc3 {[#]} cxd4 $146 (8... dxc4 $16 9. d5 (9. Bxc4 cxd4 10. Nxd4 Nxe5 $16) 9... exd5) ({Predecessor:} 8... dxc4) 9. Nxd4 $18 {White is clearly better.} Bg6 {Now ...dxc4 and Black clings on.} 10. cxd5 exd5 11. Bf4 ({Don't do} 11. Nxd5 $6 Nxe5 12. Qa4+ Kf8 $18) 11... Nb6 12. Bb5+ Kf8 13. Bg3 {Qf3! is the strong threat.} a6 $2 {[#]} (13... Bc5 14. Nb3 Bb4) 14. Be2 (14. Qf3 $142 $1 {[%cal Rd4e6][%mdl 512]} Nf6 15. Be2 (15. exf6 Bxf6 16. Rfe1 axb5 $18)) 14... Rc8 15. Kh1 h5 {[#]} 16. f4 $1 h4 (16... Be4 {keeps fighting.} 17. Bf2 (17. Bxh5 Bh4 $16) 17... Nh6 18. Bxh5 Nc4) 17. Be1 h3 18. g3 Bc5 19. Bf2 Ne7 {[#]} 20. Qc1 $2 (20. f5 $1 $18 {[%mdl 512]} Bh7 (20... Nxf5 21. Nxf5) 21. Bg4) 20... Bxd4 (20... Na4 $5) 21. b3 $2 {[%mdl 8192]} (21. Bxd4 $14 Be4+ 22. Bf3) 21... Nf5 22. Be3 Qc7 23. Bf2 Ne7 $2 (23... Bxc3 $19 24. Rb1 d4) 24. Bf3 $2 (24. Bxd4 $16 Nf5 25. Bxb6 Qxb6 26. Nxd5 {[%mdl 64] Discovered Attack} Rxc1 27. Nxb6 Rxa1 28. Rxa1) 24... Kg8 $4 {[%mdl 8192]} (24... Bxc3 $19 {and life is good for Black.} 25. Rb1 d4) 25. Rd1 $4 {[%mdl 8192]} (25. Bxd4 $18 Rh6 26. g4) 25... Kh7 $2 {Accuracy: White = 18%, Black = 10%.} ({Better is} 25... Bxf2 $19 26. Qd2 Qxc3 27. Qxf2 Be4) 1-0

[Event "Skalica Rapid 2020"]
[Site "Skalica"]
[Date "2020.08.29"]
[Round "1.15"]
[White "Osicka Premysl"]
[Black "Bombek Peter"]
[Result "0-1"]
[WhiteElo "1590"]
[BlackElo "2090"]
[Annotator "TA"]
[PlyCount "47"]
[EventDate "2020.08.29"]
[EventType "swiss"]
[EventCountry "SVK"]
[SourceTitle "playchess.com"]
[Source "ChessBase"]
[SourceQuality "1"]

{[%evp 9,47,0,2,6,9,-1,24,0,0,0,4,6,0,-8,-4,-16,0,-8,-10,-7,12,-10,-18,-13,-2,0,0,0,0,-23,-21,-30,0,-24,25,-1631,1585,-1588,1574,-1652]} 1. d4 d5 2. Bf4 Bf5 3. Nf3 e6 4. e3 Bd6 5. Bg3 h6 6. Bd3 {D02: 1 d4 d5 2 Nf3 sidelines, including 2...Nf6 3 g3 and 2...Nf6 3 Bf4.} Bxd3 7. Qxd3 a6 8. c3 {White has an edge.} Nf6 9. Nbd2 {[#]} c5 $146 ({Predecessor:} 9... Nbd7 10. O-O Bxg3 11. hxg3 O-O 12. Rfe1 c5 13. Rac1 c4 14. Qc2 b5 15. e4 dxe4 16. Nxe4 Nxe4 17. Rxe4 {0-1 (28) Sanchez Sanchez,C (1800)-Jimenez Manzano,E (1550) Madrid 2015}) 10. Bxd6 Qxd6 11. Ne5 Nc6 12. Ndf3 Ne4 13. O-O O-O 14. Nxc6 {[#] Hoping for Nce5.} bxc6 (14... c4 {is interesting.} 15. Qe2 Qxc6 16. Ne5 Qc7 17. f3 Nd6) 15. Nd2 Nxd2 16. Qxd2 c4 17. b3 c5 18. bxc4 dxc4 19. Qe2 cxd4 20. exd4 Rfc8 21. h3 Qb6 22. Qb2 $2 {[%mdl 8192] [#]} (22. Rfb1 $11 Qc7 23. Rb4) 22... g5 $4 {[%mdl 8192]} (22... Qxb2 $19 23. Rac1 Qxa2) 23. g3 $4 {[%mdl 8192]} (23. Qxb6 $18 Rab8 24. Qxa6) 23... Kg7 $4 {[%mdl 8192]} (23... Qxb2 $19 24. Rac1 Qxa2) 24. h4 $4 {[%mdl 8192] Accuracy: White = 62%, Black = 56%.} (24. Qxb6 $18 Rcb8 25. Qc7) 0-1

[Event "Skalica Rapid 2020"]
[Site "Skalica"]
[Date "2020.08.29"]
[Round "1.16"]
[White "Blaho Stefan"]
[Black "Cedzo Adam"]
[Result "1-0"]
[WhiteElo "2090"]
[BlackElo "1585"]
[Annotator "TA"]
[PlyCount "73"]
[EventDate "2020.08.29"]
[EventType "swiss"]
[EventCountry "SVK"]
[SourceTitle "playchess.com"]
[Source "ChessBase"]
[SourceQuality "1"]

{[%evp 10,73,12,0,23,13,79,62,71,73,89,72,81,61,59,47,109,62,86,79,66,44,75,75,145,145,143,146,147,145,158,147,162,165,275,149,306,300,281,213,444,436,420,419,453,445,450,438,435,346,436,374,404,402,365,356,329,214,171,175,196,159,1238,310,2769,2834]} 1. d4 Nf6 2. Bf4 d6 3. e3 g6 4. h3 Bg7 5. Nf3 Nbd7 6. Be2 c6 {A48: 1 d4 Nf6 2 Nf3 g6: Torre, London and Colle Systems.} 7. c4 Nh5 {[#]} (7... Ne4 $11) 8. Bh2 $1 $16 O-O {White is slightly better.} 9. Nc3 e5 10. O-O Re8 11. dxe5 dxe5 {[#]} 12. Qc2 $146 ({Predecessor:} 12. Ne4 Qe7 13. Qd6 Nhf6 14. Qxe7 Rxe7 15. Nd6 Re6 16. Rfd1 Bf8 17. Nxc8 Rxc8 18. g4 {½-½ (45) Bauer,B (2052)-Jagdhuber,H (2016) Berlin 2015}) 12... Qb6 (12... Qe7 $14) 13. Na4 Qd8 14. Rfd1 Qe7 15. Rac1 Nhf6 16. a3 {Black is now going downhill.} Nc5 (16... h6 $142) 17. Nxc5 ({Stronger than} 17. Bxe5 Bf5 $17) 17... Qxc5 18. b4 Qe7 19. Bxe5 Bf5 20. Qb2 h5 21. c5 Rad8 (21... Be4 $142) 22. Bc4 (22. Rd6 $18 {[%cal Re5f6]} Rxd6 23. cxd6) 22... Be6 $2 (22... Be4 $16 {was called for.}) 23. Bxe6 $18 Qxe6 24. Bc3 Rxd1+ $2 (24... Qe7 25. Be5 Rxd1+ 26. Rxd1 Rd8) 25. Rxd1 Qe7 26. Rd6 Ne4 27. Bxg7 Nxd6 28. cxd6 Qxd6 29. Bd4 a6 30. Qc2 Qe7 31. Bb2 Rd8 32. Qc3 {[%csl Gb2][%cal Rc3h8] [#]} f6 33. Qxf6 Qxf6 34. Bxf6 Rd3 35. a4 Kf7 $2 (35... Ra3 $16 36. Ne5 Rxa4) 36. Bd4 $2 (36. Ne5+ Kxf6 37. Nxd3) 36... b5 $2 (36... Rb3 37. Ng5+ Ke8) 37. Ne5+ {[%mdl 64] Double Attack. Accuracy: White = 63%, Black = 37%.} 1-0

[Event "Skalica Rapid 2020"]
[Site "Skalica"]
[Date "2020.08.29"]
[Round "1.17"]
[White "Pekar Matus"]
[Black "Skreno Vladimir"]
[Result "0-1"]
[WhiteElo "1575"]
[BlackElo "2089"]
[Annotator "ChessBase"]
[PlyCount "64"]
[EventDate "2020.08.29"]
[EventType "swiss"]
[EventCountry "SVK"]
[SourceTitle "playchess.com"]
[Source "ChessBase"]
[SourceQuality "1"]
[TimeControl "600+5"]

1. e4 {[%emt 0:00:00]} c5 {[%emt 0:00:00]} 2. c3 {[%emt 0:00:01]} Nf6 {[%emt 0:00:00]} 3. e5 {[%emt 0:00:02]} Nd5 {[%emt 0:00:05]} 4. d4 {[%emt 0:00:01]} cxd4 {[%emt 0:00:00]} 5. Nf3 {[%emt 0:00:01]} e6 {[%emt 0:00:17]} 6. cxd4 {[%emt 0:00:12]} Nc6 {[%emt 0:00:04]} 7. Be2 {[%emt 0:00:09]} d6 {[%emt 0:00:06]} 8. Nc3 {[%emt 0:00:42]} Nxc3 {[%emt 0:00:03]} 9. bxc3 {[%emt 0:00:01]} dxe5 {[%emt 0:00:07]} 10. Be3 {[%emt 0:01:29]} exd4 {[%emt 0:00:19]} 11. Nxd4 {[%emt 0:00:14]} Be7 {[%emt 0:00:33]} 12. O-O {[%emt 0:01:11]} O-O {[%emt 0:00:06]} 13. Nxc6 {[%emt 0:00:18]} bxc6 {[%emt 0:00:03]} 14. Qc2 {[%emt 0:00:13]} g6 {[%emt 0:01:04]} 15. Rfe1 {[%emt 0:01:18]} Bf6 {[%emt 0:00:05]} 16. Bd3 {[%emt 0:00:05]} Qc7 {[%emt 0:00:22]} 17. Rad1 {[%emt 0:00:06]} Bb7 {[%emt 0:00:05]} 18. Bf1 {[%emt 0:00:13]} c5 {[%emt 0:00:14]} 19. Rd2 {[%emt 0:00:26]} Be5 {[%emt 0:01:02]} 20. g3 {[%emt 0:00:18]} Qc6 {[%emt 0:00:13]} 21. f3 {[%emt 0:00:52]} Rfd8 {[%emt 0:00:09]} 22. Red1 {[%emt 0:00:06]} Rxd2 {[%emt 0:00:09]} 23. Rxd2 {[%emt 0:00:01]} Qxf3 {[%emt 0:00:09]} 24. Bxc5 {[%emt 0:00:55]} Qh1+ {[%emt 0:00:15]} 25. Kf2 {[%emt 0:00:05]} Qxh2+ {[%emt 0:00:05]} 26. Ke1 {[%emt 0:00:11]} Qxg3+ {[%emt 0:00:28]} 27. Bf2 {[%emt 0:00:01]} Qxc3 {[%emt 0:00:13]} 28. Qb1 {[%emt 0:00:27]} Rd8 {[%emt 0:00:21]} 29. Bd3 {[%emt 0:00:10]} Bf4 {[%emt 0:00:13]} 30. Qc2 {[%emt 0:00:40]} Bxd2+ {[%emt 0:00:15]} 31. Qxd2 {[%emt 0:00:02]} Qxd2+ {[%emt 0:00:03]} 32. Kxd2 {[%emt 0:00:01]} Ba6 {[%emt 0:00:01]} 0-1

[Event "Skalica Rapid 2020"]
[Site "Skalica"]
[Date "2020.08.29"]
[Round "1.18"]
[White "Szucs Vladimir"]
[Black "Janas Peter"]
[Result "1/2-1/2"]
[WhiteElo "2088"]
[BlackElo "1562"]
[Annotator "TA"]
[PlyCount "43"]
[EventDate "2020.08.29"]
[EventType "swiss"]
[EventCountry "SVK"]
[SourceTitle "playchess.com"]
[Source "ChessBase"]
[SourceQuality "1"]

{[%evp 16,43,21,19,52,50,48,53,67,63,79,72,47,49,62,53,61,63,70,71,74,46,88,25,77,66,737,54,618,22]} 1. d4 d5 2. c4 e6 3. Nc3 Nf6 4. cxd5 exd5 5. Bg5 c6 6. e3 Be7 7. Bd3 h6 8. Bh4 Nbd7 9. Qc2 Ng4 {9...Nh5 is a critical line. D36: Queen's Gambit Declined: Exchange Variation: Main line (5 Bg5 c6 6 Qc2).} 10. Bg3 Ngf6 11. h3 {[#]} Nf8 $146 {White is slightly better.} ({Predecessor:} 11... O-O 12. Nf3 Re8 13. O-O a6 14. Rab1 Bf8 15. b4 Be7 16. Rfe1 Nf8 17. Rec1 Be6 {0-1 (57) Pejovic,J (2176)-Vesovic,N (1986) Cetinje 2012}) 12. Nf3 Bd6 13. Bxd6 Qxd6 14. O-O Ne6 15. Rab1 Ng5 16. Ne5 O-O 17. b4 a6 18. a4 Bd7 19. b5 (19. f4 $16 Nge4 20. Nxe4 (20. Bxe4 dxe4 21. Nxe4 Nxe4 $16) (20. Nxd7 Qxd7 21. Bxe4 Nxe4 $14) 20... dxe4 21. Bxe4) 19... c5 (19... axb5 $11 {keeps the balance.} 20. axb5 c5) 20. Nxd7 $16 Rfd8 $2 {[%mdl 8192] [#]} (20... Nxd7 $14 21. dxc5 Qxc5) 21. Rfd1 $2 ({Better is} 21. Nxc5 $18 Qe7 22. bxa6 bxa6 23. Rb7) 21... Ne6 $2 {[%mdl 8192]} (21... Rxd7 $14 22. dxc5 Qxc5) 22. Kf1 $2 {Accuracy: White = 64%, Black = 40%.} ({White should try} 22. Nxf6+ $18 gxf6 23. dxc5 Qxc5 24. bxa6 bxa6 25. Bf5) 1/2-1/2

[Event "Skalica Rapid 2020"]
[Site "Skalica"]
[Date "2020.08.29"]
[Round "2.1"]
[White "Pacher Milan"]
[Black "Sarmir Milos"]
[Result "1-0"]
[WhiteElo "2452"]
[BlackElo "2059"]
[Annotator "TA"]
[PlyCount "55"]
[EventDate "2020.08.29"]
[EventType "swiss"]
[EventCountry "SVK"]
[SourceTitle "playchess.com"]
[Source "ChessBase"]
[SourceQuality "1"]

{[%evp 18,55,17,16,26,21,18,24,56,13,42,41,31,38,56,13,35,4,14,7,177,175,181,174,212,216,338,313,285,247,510,447,658,643,652,651,913,909,1169,1165]} 1. d4 Nf6 2. c4 e6 3. Nc3 d5 4. cxd5 exd5 5. Bg5 Be7 6. e3 c6 7. Bd3 Nbd7 8. Nge2 h6 9. Bh4 O-O 10. O-O b6 {D35: Queen's Gambit Declined: Exchange Variation.} 11. Qc2 Bb7 12. Rad1 Rc8 {White has an edge.} 13. Qb1 {[#]} Nh5 $146 ({Predecessor:} 13... Qc7 14. Bg3 Bd6 15. Bxd6 Qxd6 16. Ng3 c5 17. Rfe1 Rfe8 18. Bf5 Rcd8 19. Bc2 a6 20. dxc5 bxc5 {½-½ (34) Csonka,B (2244)-Doma,B (1669) Miskolc 2010}) 14. Bxe7 Qxe7 15. b4 {[%cal Bb2b4,Bb4b5][%mdl 32]} Kh8 16. b5 c5 17. dxc5 bxc5 18. Bf5 Nb6 $2 {[#] This move loses the game for Black.} (18... Nhf6 $1 $11 {and Black has nothing to worry.}) 19. Bxc8 $18 Rxc8 20. a4 Qg5 21. Ng3 d4 (21... Nxg3 $142 22. hxg3 Nc4) 22. exd4 cxd4 23. Nce4 {[%cal Bc3e4,Be4d6,Bd6f7][%mdl 32]} Qg4 $2 (23... Qe5 {was necessary.} 24. Nxh5 Bxe4) 24. Rxd4 {White is clearly winning.} Nxg3 (24... Nf4 $142 25. Rc1 Bxe4 26. Rxe4 Nbd5) 25. hxg3 f5 26. f3 Qg6 27. Nd6 {[%mdl 64] Double Attack, Discovered Attack} Rd8 {[#]} 28. Nf7+ $1 {[%mdl 576] Discovered Attack. Accuracy: White = 79%, Black = 26%.} 1-0

[Event "Skalica Rapid 2020"]
[Site "Skalica"]
[Date "2020.08.29"]
[Round "2.1"]
[White "Kubat, Pavel"]
[Black "Osicka, Premysl"]
[Result "0-1"]
[WhiteElo "2066"]
[BlackElo "1590"]
[Annotator "TA"]
[PlyCount "79"]
[EventDate "2020.08.29"]
[EventType "swiss"]
[EventCountry "SVK"]
[SourceTitle "playchess.com"]
[Source "ChessBase"]
[SourceQuality "1"]

{[%evp 9,79,13,38,38,32,43,74,78,85,60,107,101,106,99,107,112,106,105,104,71,95,75,204,75,142,65,85,90,101,102,126,128,135,113,173,165,159,116,159,104,194,130,125,156,293,174,174,166,177,177,199,189,373,216,505,500,469,273,518,506,1025,1055,1021,1000,2004,1798,2925,2768,29988,29989,29989,2920]} 1. d4 Nf6 2. Bf4 d5 3. e3 c5 4. Nf3 Bf5 5. Nc3 a6 6. dxc5 {[#] D02: 1 d4 d5 2 Nf3 sidelines, including 2...Nf6 3 g3 and 2...Nf6 3 Bf4.} e6 $146 ({Predecessor:} 6... Qa5 7. Nd4 Bg4 8. f3 Bc8 9. Nb3 Qd8 10. Bg5 e6 11. e4 Be7 12. exd5 Nxd5 13. Bxe7 Qxe7 14. Nxd5 exd5+ {1-0 (54) Kukov,V (2355)-Anev,A (2090) Bansko 2010}) 7. Nd4 Bg4 8. f3 {White is better.} Bh5 9. b4 Nc6 10. Nxc6 (10. a3 {keeps more tension.} Be7 11. Be2 O-O 12. Na4 Nd7 13. Nxc6 bxc6 14. O-O) 10... bxc6 11. Na4 $36 {[%mdl 2048] White is on the roll.} Nd7 12. Be2 Be7 13. O-O O-O 14. c3 e5 15. Bg3 Bh4 (15... a5 $16) 16. Qe1 (16. Bxh4 $18 {and White stays clearly on top.} Qxh4 17. e4 $1 {[%mdl 512]}) 16... Bg5 (16... Bxg3 $142 17. hxg3 (17. Qxg3 Qe7 $14) 17... Bg6) 17. f4 (17. e4 $16) 17... Bxe2 18. Qxe2 exf4 19. exf4 Re8 20. Qd3 Bf6 21. Rae1 g6 (21... a5 $16 {is a better defense.}) 22. Rxe8+ $18 Qxe8 23. Re1 Qd8 24. h3 ({White should play} 24. Bf2) 24... Bg7 (24... Bh4 $16) 25. Qe2 (25. f5 $18) 25... a5 {Threatens to win with ...axb4.} 26. b5 Nf6 (26... cxb5 $16 27. Qxb5 Rb8) 27. b6 (27. bxc6 Rc8 $16) (27. Nb6 $142) 27... Ne4 28. Qd3 f5 29. Bf2 Qe7 30. Bd4 Bh6 $2 (30... Qh4 31. Qe3 Qe7) 31. Be5 (31. c4 $142) 31... Qh4 $2 (31... Bf8 32. Rb1 Qb7) 32. Rf1 Qe7 33. Qd4 (33. Rb1 $142 Qb7 34. c4) 33... Kf7 $2 (33... Rd8 34. Rd1 Qh4) 34. Rb1 Qd8 (34... Nd2 $142 35. b7 (35. Qxd2 Qxe5 36. fxe5 Bxd2 $16) 35... Rb8) 35. b7 Rb8 36. c4 g5 37. cxd5 cxd5 38. Bxb8 Qxb8 39. Qxd5+ Kg6 40. Qe5 {[%mdl 32768] Accuracy: White = 57%, Black = 36%. . Loss on time!?} (40. Rb6+ $142 Kg7 41. Qd7+ Kg8 42. Rxh6 Qxf4 {[#]} 43. b8=R+ $1 {[%mdl 512]} Qxb8 44. Qxh7+ Kf8 45. Qxf5+ {[%mdl 64] Double Attack} Ke8 46. Rh8+ {[%mdl 64] Skewer} Ke7 47. Rh7+ Ke8 48. Qg6+ Kf8 49. Qf7#) 0-1